| Поле | Название | Значение |
| |
Тип записи |
a |
| |
Библиографический уровень |
c |
| 001 |
Контрольный номер |
9d01fddc659d49619bba3caee3ca287c |
| 005 |
Дата корректировки |
20251219144018.5 |
| 010 |
Индекс ISBN |
__ |
| 9 |
Тираж |
100 экз. |
| a |
ISBN |
978-5-91843-331-7 |
| d |
Цена |
100-00 |
| 100 |
Данные общей обработки |
__ |
| a |
Данные общей обработки |
20220526d2017 cd y0rusy028902 ca |
| 101 |
Язык документа |
0_ |
| a |
Язык текста |
rus |
| 102 |
Страна публикации |
__ |
| a |
Страна публикации |
RU |
| 105 |
Кодированные данные (монография) |
__ |
| a |
Кодированные данные (монография) |
a z 000ay |
| 181 |
Поле кодированных данных: вид содержания |
_0 |
| a |
Код вида содержания (ISBD) |
i |
| 182 |
Поле кодированных данных: тип средства |
_0 |
| a |
Код типа средства (ISBD) |
n |
| 200 |
Заглавие и сведения об ответственности |
1_ |
| a |
Заглавие |
Пропала совесть |
| f |
Первые сведения об ответственности |
Михаил Салтыков-Щедрин |
| e |
Сведения, относящиеся к заглавию |
издание для слабовидящих |
| 203 |
Вид содержания и тип средства |
__ |
| a |
Вид содержания |
Текст |
| c |
Тип средства |
непосредственный |
| 210 |
Выходные данные |
1_ |
| a |
Место издания |
Санкт-Петербург |
| c |
Издательство |
СПб ГБУК ГБСС |
| d |
Дата издания |
2017 |
| 215 |
Физическое описание |
__ |
| a |
Объем |
45, [2] с. |
| d |
Формат |
20 см |
| c |
Иллюстрации/тип воспроизводства |
цв. ил. |
| 225 |
Серия |
2_ |
| a |
Серия |
Издание для слабовидящих |
| 300 |
Общие примечания |
__ |
| a |
Общие примечания |
Текст печатается по изданию: Салтыков-Щедрин М. Е. Собрание сочинений : в 10 т. Т. 8. Сказки. - Москва : Правда, 1988. - 576 с. |
| 330 |
Аннотация |
__ |
| a |
Аннотация |
Основная идея произведения - критика общества, которое отвергает моральные принципы и совесть ради личной выгоды и комфорта. Автор показывает, что в мире, где царят корысть, лицемерие и эгоизм, совесть становится обузой, от которой все стараются избавиться. Издание с укрупненным шрифтом для слабовидящих детей. |
| 333 |
Примечание о целевом назначении |
__ |
| a |
Примечание о целевом назначении |
6+. Для детей старше шести лет |
| 464 |
Аналитический уровень |
_0 |
| 1 |
|
2001 |
| a |
|
Добродетели и пороки |
| 464 |
Аналитический уровень |
_0 |
| 1 |
|
2001 |
| a |
|
Обманщик-газетчик и легковерный читатель |
| 606 |
Тематические рубрики |
__ |
| 2 |
Код системы |
nlr_sh |
| a |
Основная рубрика |
Художественная литература |
| 606 |
Тематические рубрики |
__ |
| 2 |
Код системы |
nlr_sh |
| a |
Основная рубрика |
Русская литература XIX в. (произведения) |
| 610 |
Ключевые слова |
0_ |
| a |
Ключевые слова |
русская классика |
| 610 |
Ключевые слова |
0_ |
| a |
Ключевые слова |
детская литература |
| 610 |
Ключевые слова |
0_ |
| a |
Ключевые слова |
детская классика |
| 610 |
Ключевые слова |
0_ |
| a |
Ключевые слова |
незрячие дети |
| 610 |
Ключевые слова |
0_ |
| a |
Ключевые слова |
тема общества |
| 610 |
Ключевые слова |
0_ |
| a |
Ключевые слова |
пороки общества |
| 610 |
Ключевые слова |
0_ |
| a |
Ключевые слова |
книги для незрячих |
| 610 |
Ключевые слова |
0_ |
| a |
Ключевые слова |
чтение для слабовидящих |
| 610 |
Ключевые слова |
0_ |
| a |
Ключевые слова |
слабовидящие дети |
| 610 |
Ключевые слова |
0_ |
| a |
Ключевые слова |
слабовидящие читатели |
| 610 |
Ключевые слова |
0_ |
| a |
Ключевые слова |
незрячие читатели |
| 610 |
Ключевые слова |
0_ |
| a |
Ключевые слова |
сатира |
| 686 |
Индексы других классификаций |
__ |
| 2 |
Код системы |
rubbks |
| a |
Классификационный индекс |
ст84(2=411.2)1-4я0 |
| 700 |
Автор |
_1 |
| a |
Фамилия |
Салтыков-Щедрин |
| b |
Имя |
М. Е. |
| f |
Даты |
1826-1889 |
| g |
Полное личное имя |
Михаил Евграфович |
| 4 |
Код отношения |
070 |
| 801 |
Источник записи |
_0 |
| a |
Страна |
RU |
| b |
Организация |
Муниципальное бюджетное учреждение культуры "Централизованная библиотечная система" г. Сургут (Центральная городская библиотека им. А. С. Пушкина) |
| c |
Дата составления |
20250710 |
| g |
Правила каталогизации |
PSBO |
| 801 |
Источник записи |
_1 |
| a |
Страна |
RU |
| b |
Организация |
Муниципальное бюджетное учреждение культуры "Централизованная библиотечная система" г. Сургут (Центральная городская библиотека им. А. С. Пушкина) |
| c |
Дата составления |
20250710 |
| g |
Правила каталогизации |
PSBO |
| 852 |
Данные о местонахождении |
__ |
| i |
Авторский знак |
С 16 |
| j |
Шифр хранения |
ст84(2=411.2)1-4я0 |
| 900 |
Макрообъекты |
__ |
| a |
Макрообъекты |
Пропала совесть. Салтыков-Щедрин, М., 2017 |
| 901 |
Тип документа |
__ |
| a |
Ответственный |
КиК/Котельникова |
| t |
Тип документа |
x |
| 903 |
Характеристики (МАРС) |
__ |
| a |
Дата передачи |
20250710 |
| c |
Наименование библиотеки (МАРС) |
Муниципальное бюджетное учреждение культуры "Централизованная библиотечная система" г. Сургут (Центральная городская библиотека им. А. С. Пушкина) |
| 969 |
Тип издания |
__ |
| a |
Тип издания |
спецформат-крупношрифтовое |
| a |
Тип издания |
брошюра |
| a |
Тип издания |
издание для слепых |
| a |
Тип издания |
крупношрифтовое издание |
| a |
Тип издания |
издание для детей |
| 990 |
Данные о заказе (DOS) |
__ |
| j |
Количество экземпляров (DOS) |
1 |
| t |
N записи в КСУ для И/У (DOS) |
202507 |